LIBRARY ONLINE CATALOGUE

Buckley : (Record no. 11293)

MARC details
000 -LEADER
fixed length control field 00603cam a22002052 4500
001 - CONTROL NUMBER
control field 0000019901
005 - DATE AND TIME OF LATEST TRANSACTION
control field 20151217154436.0
008 - FIXED-LENGTH DATA ELEMENTS--GENERAL INFORMATION
fixed length control field 110309s xx 000 0 eng d
020 ## - INTERNATIONAL STANDARD BOOK NUMBER
International Standard Book Number 8180385032 :
040 ## - CATALOGING SOURCE
Original cataloging agency KABU
Transcribing agency KABU
100 1# - MAIN ENTRY--PERSONAL NAME
Personal name Buckley, Richard A.
-- 0000179889
245 10 - TITLE STATEMENT
Title Buckley :
Remainder of title the law of negligence /
Statement of responsibility, etc. Richard A Buckley.
250 ## - EDITION STATEMENT
Edition statement 4th ed.
260 ## - PUBLICATION, DISTRIBUTION, ETC. (IMPRINT)
Place of publication, distribution, etc. Australia :
Name of publisher, distributor, etc. Butterworths,
Date of publication, distribution, etc. 2007.
300 ## - PHYSICAL DESCRIPTION
Extent cii, 669 p.
650 #0 - SUBJECT ADDED ENTRY--TOPICAL TERM
Topical term or geographic name as entry element Negligence
Geographic subdivision Great Britain.
-- 0000179890
852 1# - LOCATION
-- p3568 KES
908 ## - PUT COMMAND PARAMETER (RLIN)
Put command parameter 110309
950 ## - LOCAL HOLDINGS (RLIN)
-- 1
Holdings
Withdrawn status Lost status Source of classification or shelving scheme Not for loan Home library Current library Date acquired Total Checkouts Full call number Barcode Date last seen Date last checked out Price effective from Koha item type
    Library of Congress Classification   Kabarak, Main Campus Kabarak, Main Campus 17/12/2015 3 KD1975 .B83 2007 c.1 22109 12/11/2018 12/11/2018 17/12/2015 General Collection